| 000 | 00958nam a2200265Ia 4500 | ||
|---|---|---|---|
| 001 | 21817 | ||
| 005 | 20260320113315.0 | ||
| 008 | 260320s9999||||xx |||||||||||||| ||und|| | ||
| 020 | _a9788425231070 | ||
| 041 | _aESP | ||
| 082 |
_a720.472 _bD87 |
||
| 100 |
_aDollard, Tom, _eAUT |
||
| 245 | 0 |
_aCómo proyectar viviendas energéticamente eficientes : _buna guía ilustrada |
|
| 246 |
_aDesigned to perform : _5an illustrated guide to deliver _b |
||
| 250 | _aPrimera edición, segunda tirada | ||
| 260 |
_aBarcelona : _bGG, _c2022 |
||
| 300 |
_a179 páginas : _bilustraciones, fotografías, tablas ; _c24 cm. _e |
||
| 440 |
_a _n _v |
||
| 650 | _aABD | ||
| 653 | _aArquitectura y ahorro de energía; Edificios sostenibles; Viviendas - Aspectos ambientales | ||
| 654 | _aCAU | ||
| 700 |
_a _c |
||
| 856 |
_uhttps://www-elcroquisdigital-com.ucsp.lookproxy.com/ _zVéase además: Base de datos El Croquis Biblioteca Digital |
||
| 942 |
_cLIB _dJUS _fMAT _2ddc _n |
||
| 999 |
_c21817 _d21817 |
||